Gestiónn presupuestaria (Registro nro. 2501)

Detalles MARC
000 -LEADER
fixed length control field 01077 a2200217 4500
001 - CONTROL NUMBER
control field 34880
005 - DATE AND TIME OF LATEST TRANSACTION
control field 20260407155634.0
008 - FIXED-LENGTH DATA ELEMENTS--GENERAL INFORMATION
fixed length control field 260407a1973 arg spa d
003 - CONTROL NUMBER IDENTIFIER
control field AR-UNSa-BCEJYS
040 ## - CATALOGING SOURCE
Original cataloging agency AR-UNSa-BCEJYS
Language of cataloging spa
Transcribing agency AR-UNSa-BCEJYS
080 ## - UNIVERSAL DECIMAL CLASSIFICATION NUMBER
Universal Decimal Classification number 657.312
Common auxiliary subdivision Tipo de presupuestos
020 ## - INTERNATIONAL STANDARD BOOK NUMBER
International Standard Book Number 84-234-0014-X
100 1# - MAIN ENTRY--PERSONAL NAME
Personal name Gil Castro, Pablo
245 10 - TITLE STATEMENT
Title Gestiónn presupuestaria
264 #1 - PRODUCTION, PUBLICATION, DISTRIBUTION, MANUFACTURE, AND COPYRIGHT NOTICE
Place of production, publication, distribution, manufacture Bilbao :
Name of producer, publisher, distributor, manufacturer Ediciones Deusto
Date of production, publication, distribution, manufacture, or copyright notice 1973
300 ## - PHYSICAL DESCRIPTION
Extent 271 p.
Dimensions 21 cm.
505 ## - FORMATTED CONTENTS NOTE
Formatted contents note 1. Generalidades - 2. El control presupuestario de las ventas - 3. El control presupuestario de la distribución - 4. El control presupuestario de la producción - 5. El control presupuestario de los aprovisionamientos - 6. El control presupuestario de las inversiones - 7. El control presupuestario de la tesoreria - 8. Organización general de la empresa y control presupuestario - 9. La política general de la empresa y los documentos de sintesis - 10. La puesta en marcha del control presupuestario.
590 ## - LOCAL NOTE (RLIN)
Local note niveau_biblio:m niveau_hierar:0
700 1# - ADDED ENTRY--PERSONAL NAME
Personal name Meyer, J.
942 ## - ADDED ENTRY ELEMENTS (KOHA)
Koha item type
Existencias
Withdrawn status Lost status Damaged status Not for loan Home library Current library Shelving location Date acquired Total checkouts Full call number Barcode Date last seen Price effective from Koha item type
        Biblioteca Prof. Eusebio Cleto del Rey Biblioteca Prof. Eusebio Cleto del Rey   07/04/2026   657.312 M612 L25866 07/04/2026 07/04/2026 Libro
        Biblioteca Prof. Eusebio Cleto del Rey Biblioteca Prof. Eusebio Cleto del Rey   07/04/2026   657.312 M612 L25867 07/04/2026 07/04/2026 Libro